|
|
|
|
| LEADER |
00000nam a2200000 a 4500 |
| 001 |
vtls001145263 |
| 003 |
SK-MaSNL |
| 005 |
20260301153940.0 |
| 008 |
240315s1958 CS 0 eng |
| 035 |
|
|
|a SNK000088118
|
| 040 |
|
|
|a SNK
|b slo
|c SNK
|e AACR2
|
| 041 |
0 |
|
|a eng
|
| 044 |
|
|
|a [CS]
|
| 100 |
1 |
|
|a Alter, Jiří
|4 aut
|9 516135
|
| 245 |
1 |
|
|a Catalogue of Star Clusters and Associations
|b Introduction
|c Jiří Alter, Jaroslav Ruprecht, Vladimír Vanýsek
|
| 250 |
|
|
|a 1. vyd.
|
| 260 |
|
|
|a Praha
|b ČSAV
|c 1958
|
| 300 |
|
|
|a 40, [2] s.
|b 1565, [81] s. tb.
|c 8°
|
| 490 |
0 |
|
|a Práce ČSAV : Sekce matematicko-fysikální
|
| 700 |
1 |
|
|a Ruprecht, Jaroslav
|4 aut
|9 368391
|
| 700 |
1 |
|
|a Vanýsek, Vladimír,
|d 1926-1997
|4 aut
|9 42166
|
| 968 |
|
|
|d [Přel. z čes. do angl.]
|
| 999 |
|
|
|c 795049
|d 796979
|
| 952 |
|
|
|a SNK
|b SNK
|y VYP
|7 0
|p 17A0473567
|o snkIC 20691
|i snkKIP 3615/58
|8 0
|0 0
|1 0
|4 0
|d 2005-09-30
|l 0
|r 2026-02-24 01:50:00
|w 2026-02-24
|
| 952 |
|
|
|a SNK
|b SNK
|y VYP
|7 0
|p 17A0486333
|o snkIC 20691 D1
|i snkKIP 3616/58
|8 0
|0 0
|1 1
|4 0
|d 2005-09-30
|l 0
|r 2026-02-24 01:50:00
|w 2026-02-24
|